000 00327 a2200109 4500
020 _a0415383935
082 _a624.15136 AYS
100 _aA. Aysen
245 _aSoil Mechanics Basic Concepts and Engineering Applications /
_cA. Aysen
260 _aLondon :
_bTaylor and Francis Group,
_c2006
300 _aix, 457p. :
_bill. ;
_c26 cm
650 _aSoil Mecahnics
999 _c2023
_d2023